Highest Grossing Video Game Movies - Statistics

General Stats
  • This quiz has been taken 33 times
  • The average score is 5 of 15
Answer Stats
Hint Answer % Correct
9. (2025) $336,143,792 This Film Is Currently In Theaters A Minecraft Movie
80%
10. (2020) $320,954,026 Sonic The Hedgehog
76%
1. (2023) $1,362,566,989 The Super Mario Bros Movie
56%
7. (2022) $405,421,518 Sonic The Hedgehog 2
52%
2. (2024) $491,603,986 Sonic The Hedgehog 3
52%
6. $407,141,258 (2022) Uncharted
40%
14. (2018) $274,650,803 Tomb Raider
36%
13 (2023) $297,144,130 Five Nights At Freddy's
20%
8. (2016) $352,333,929 The Angry Birds Movie
20%
16. (2016) $240,558,621 Assassins Creed
16%
5. (2018) $428,028,233 Rampage
12%
4. (2016) $439,048,914 Warcraft
8%
3. (2019) $450,062,638 Pokemon Detective Pikachu
4%
12 (2010) . $300,228,084 Resident Evil Afterlife
4%
11. (2016) $312,257,250 Resident Evil The Final Chapter
4%
No matching quizzes found
Score Distribution
Percent of People with Each Score
Percentile by Number Answered
Your Score History
You have not taken this quiz